000 00241nam a22001097a 4500
082 _a891.4391 DIL'S
100 _aDILL, DILL NAWAZ
_967265
245 _aSUKHAN-E-DILL NAWAZ
260 _aLAHORE
_bALBOOK
_c1993
300 _a191P
942 _cBK
999 _c575085
_d575085